Responses for Show #2353 - Wednesday, November 23, 1994

1994 Tournament of Champions semifinal game 3.

Contestants

[<< previous game]

Jeff Stewart, a College Tournament winner originally from The Dalles, Oregon

John Cuthbertson, a physicist from San Diego, California

Steve Chernicoff, a technical writer from Berkeley, California

[next game >>]

Jeopardy! Round responses

20th CENTURY AMERICA
1950s SONG LYRICS
MUSEUMS
PHILOSOPHY
HODGEPODGE
FILE UNDER "S"
    $100 20
Orville Wright

John
    $100 8
"Charlie Brown"

Steve
    $100 1
The British Museum

Steve
    $100 14
René Descartes

John
    $100 28
The Eye

John
    $100 26
Shampoos

Jeff
    $200 21
Social Security Act

Steve
    $200 9
"Put Your Head on My Shoulder"

Steve
    $200 2
Reno

Jeff
    $200 6
Knowledge

Jeff
    $200 30
Maori

Jeff
    $200 24
(Jeff: What is a cutlass?)

Saber

JohnJeff
    $300 22
Alfred Kinsey

Jeff
    $300 10
"Blueberry Hill"

Jeff
    $300 16
(A: See, you're out of the hole!)
(John: Thank You!)

Richmond, Virginia

John
    $300 5
Aristotle

John
    $300 23
Cecil Rhodes

Jeff
    $300 25
Scurvy

Steve
    $400 4
Barney Clark

Jeff
    $400 12
"Que Sera, Sera"

Steve
    $400 17
DuPont

John
    $400 11
"Being And Nothingness"

Steve
    $400 29
Sun Myung Moon

John
    $400 3
saluki

Jeff
    $500 19
Project Gemini

Steve
    $500 13
"Mary Ann"

Steve
    $500 18
Thomas Hart Benton

John
    $500 15
(John: Who was Erasmus?)

Soren Kierkegaard

John
    $500 27
Young Man

Triple Stumper
    $500 7
Winfield Scott

Steve

Scores at the first commercial break (after clue 15):

Steve John Jeff
$2,200 -$100 $1,500

Scores at the end of the Jeopardy! Round:

Steve John Jeff
$3,200 $1,900 $2,200

Double Jeopardy! Round responses

WOMEN IN HISTORY
THE OLD TESTAMENT
ISLANDS
BALLET
SCIENCE
ENGLISH LITERATURE
    $200 23
(S: Who is Pocahontas?)

Sacajawea

SteveJohn
    $200 1
Ashes

Jeff
    $200 9
Puerto Rico

Jeff
    $200 28
Stephen Foster

Steve
    $200 20
The Sun

Steve
    $200 15
The Wars of the Roses

John
    $400 24
President of the United States

John
    $400 6
Song of Solomon/Songs

Steve
    $400 3
Devil's Island

Jeff
    $400 29
"The Dying Swan"

John
    $400 19
(Jeff: What are leaves?)

Pistils

JohnJeff
    $400 21
Robinson Crusoe

John
    $600 17
Mary, Queen of Scots

Jeff
    $600 7
Noah

Steve
    $600 11
Bermuda

Steve
    $600 27
August Strindberg

Steve
    $600 4
2

Jeff
    $600 14
Dylan Thomas

Steve
    $800 25
(and we have less than a minute to go....)

The Netherlands/Holland

Triple Stumper
    $800 5
Miriam

Steve
    $1,000 12
Bahrain

Steve
    $800 18
"Petrushka"

John
    $800 10
Stratosphere

Steve
    $800 2
(Steve: Who is Edmund Lear?)
(Alex: Pardon?)
(Steve: Edward Lear.)
(Alex: No, I'm sorry, Steve, when I asked you to repeat it, I wanted you to repeat your response exactly as you did the first time; we know that Edward Lear is right; Edmund Lear, what you said is incorrect... let's go on.)

Edward Lear

Steve
Triple Stumper
    $1000 26
Marlborough

John
    $1000 8
(Jeff: What are the Beatitudes?)

Psalms

SteveJeff
    $1000 13
(S: What is Tierra Del Fuego?)

Easter Island

SteveJeff
    $1,000 30
(John: Who is Diaghilev?)

Georges Balanchine

John
    $1000 16
Messenger

Jeff
    $1000 22
John Keats

Steve

Scores at the end of the Double Jeopardy! Round:

Steve John Jeff
$9,000 $4,700 $4,800

[wagering suggestions for these scores]

Final Jeopardy! Round responses

DEMOCRATS
JohnWho was Chester Arthur?
$3,700
JeffWho was Buchanan?
$4,750
SteveWho was Lincoln?
$601
James Buchanan

Final scores:

Steve John Jeff
$8,399 $1,000 $9,550
2nd place: $5,000 3rd place: $5,000 Finalist

Game dynamics:

Coryat scores:

Steve John Jeff
$8,800 $6,200 $4,800
22 R
(including 1 DD),
3 W
17 R,
2 W
(including 2 DDs)
16 R,
3 W

Combined Coryat: $19,800

[game clues] [game scores] [suggest correction]

Game tape date: 1994-10-12
The J! Archive is created by fans, for fans. Scraping, republication, monetization, and malicious use prohibited; this site may use cookies and collect identifying information. See terms. The Jeopardy! game show and all elements thereof, including but not limited to copyright and trademark thereto, are the property of Jeopardy Productions, Inc. and are protected under law. This website is not affiliated with, sponsored by, or operated by Jeopardy Productions, Inc. Join the discussion at JBoard.tv.